Southville International School and Colleges
Your cart is empty.
  • Cart
  • Lists
    Public lists Eva Luna New books Lux_list list_1
    Your lists Log in to create your own lists
  • Log in to your account
  • Your cookies
  • Search history
Southville International School and Colleges
  • Advanced search
  • Recent comments
  • Most popular
  • Libraries

Log in to your account

Log in with GOOGLE


If you do not have an external account, but do have a local account, you can still log in:

  1. Home
  2. MARC view: Chocolate Fever /
Normal view MARC view ISBD view

Chocolate Fever / (Record no. 1315)

[ view plain ]
MARC details
000 -LEADER
fixed length control field 00649nam a22002177a 4500
003 - CONTROL NUMBER IDENTIFIER
control field OSt
005 - DATE AND TIME OF LATEST TRANSACTION
control field 20140310181705.0
008 - FIXED-LENGTH DATA ELEMENTS--GENERAL INFORMATION
fixed length control field 121121t xxu||||| |||| 00| 0 eng d
020 ## - INTERNATIONAL STANDARD BOOK NUMBER
International Standard Book Number 0440413699
050 ## - LIBRARY OF CONGRESS CALL NUMBER
Classification number PZ 7
Item number .Sm642 1978
082 ## - DEWEY DECIMAL CLASSIFICATION NUMBER
Classification number KF
Item number Sm6c 1978
100 ## - MAIN ENTRY--PERSONAL NAME
Personal name Smith, Robert Kimmel
9 (RLIN) 4324
245 ## - TITLE STATEMENT
Title Chocolate Fever /
Statement of responsibility, etc Robert Kimmel Smith ; illustrated by: Gioia Fiammenghi.
260 ## - PUBLICATION, DISTRIBUTION, ETC. (IMPRINT)
Place of publication, distribution, etc New York:
Name of publisher, distributor, etc Bantam Doubleday Dell Publishing Group, Inc.,
Date of publication, distribution, etc 1978.
300 ## - PHYSICAL DESCRIPTION
Size of unit 19 cm.
Extent 93 p. ;
541 ## - IMMEDIATE SOURCE OF ACQUISITION NOTE
-- 1
562 ## - COPY AND VERSION IDENTIFICATION NOTE
Number of copies 1
650 ## - SUBJECT ADDED ENTRY--TOPICAL TERM
Topical term or geographic name as entry element Chocolate
General subdivision Fiction.
9 (RLIN) 6949
650 ## - SUBJECT ADDED ENTRY--TOPICAL TERM
Topical term or geographic name as entry element Humorous stories.
9 (RLIN) 3831
942 ## - ADDED ENTRY ELEMENTS (KOHA)
Source of classification or shelving scheme Library of Congress Classification
Koha item type
Call number prefix
Holdings
Withdrawn status Lost status Source of classification or shelving scheme Damaged status Home library Current library Shelving location Date acquired Total Checkouts Full call number Barcode Date last seen Copy number Price effective from Koha item type
    Library of Congress Classification   Luxembourg Library Luxembourg Library Kids Fiction Section 11/21/2012   PZ 7 .Sm642 1978 14245 08/13/2013 1 10/03/2013 Books

Chocolate Fever /

APA

Smith R. K., . (1978). Chocolate Fever. New York: Bantam Doubleday Dell Publishing Group, Inc.

Chicago

Smith Robert Kimmel, . 1978. Chocolate Fever. New York: Bantam Doubleday Dell Publishing Group, Inc.

Harvard

Smith R. K., . (1978). Chocolate Fever. New York: Bantam Doubleday Dell Publishing Group, Inc.

MLA

Smith Robert Kimmel, . Chocolate Fever. New York: Bantam Doubleday Dell Publishing Group, Inc. 1978.

  • Place hold
  • Print
  • Cite
  • Add to your cart (remove)
  • Save record
    BIBTEX Dublin Core MARCXML MARC (non-Unicode/MARC-8) MARC (Unicode/UTF-8) MARC (Unicode/UTF-8, Standard) MODS (XML) RIS
  • More searches
    Search for this title in:
    Other Libraries (WorldCat) Other Databases (Google Scholar) Online Stores (Bookfinder.com) Open Library (openlibrary.org)

Exporting to Dublin Core...

SOUTHVILLE LIBRARY

Southville International School and Colleges Library

1281 Tropical Ave. Cor. Luxembourg St., BF Homes International, Las Pinas City

Tel. No. 8256374 / 252358 Loc. 117/146

Powered by Koha